000 00676 a2200205 4500
999 _c4473
_d4473
010 _aENG-86321
020 _a8172148585
_c135.00
035 _aEN-69854
037 _bDBAD/ PUB
082 1 4 _a280
245 1 _aDalits speaking experience /
_ced. and comp. by Elizabeth S. Balasundaram.
260 _aDelhi
_bIndian Society for Promoting Christian Knowledge
_c2005
300 _a176 p.
_c23 cm. (Pbk)
650 0 _aTheology, Doctrinal.
650 0 _aDalits
_zIndia
_xReligion
650 0 _aChristianity and social problems
_zIndia
650 0 _aDalits
_zIndia
_xSocial conditions
700 1 _aBalasundaram, Elizabeth S.
942 _adpl
_cEN
_2ddc
_h280
_mDAL